00539nam a22001577a 4500082003600000100002200036245007100058260004800129300001900177526003700196526003700233526003700270526001200307650005400319650000800373 a358.295491bPAKcL-30-II, P-168 aBeg Mirza Aslam., aHistory of the corps of engineers Pakistan armybMirza Aslam Beg., aRawalpindi :bThe Army Press (Regd)cc1989. a349 p.:bill.; a0b0c0d358_295491000000000_PAK a0b0c0d358_295491000000000_PAK a0b0c0d358_295491000000000_PAK a0b0c0 aHistory of the corps of engineers xPakistan Army aMCE